Central Library OPAC University of Rajshahi

The spectrum of atomic hydrogen / (Record no. 72847)

MARC details
000 -LEADER
fixed length control field 00840nam a2200265 a 4500
001 - CONTROL NUMBER
control field 72847
003 - CONTROL NUMBER IDENTIFIER
rucl marc code BD-RjUL
005 - DATE AND TIME OF LATEST TRANSACTION
control field 20211209082321.0
008 - FIXED-LENGTH DATA ELEMENTS--GENERAL INFORMATION
fixed length control field 170524s1957 enka b 001 0 eng d
035 ## - SYSTEM CONTROL NUMBER
System control number (BD-RjUL)73065
040 ## - CATALOGING SOURCE
Modifying agency BD-RjUL
Language of cataloging eng
Original cataloging agency BD-RjUL
Transcribing agency BD-RjUL
041 ## - LANGUAGE CODE
Language code of text/sound track or separate title eng
082 ## - DEWEY DECIMAL CLASSIFICATION NUMBER
Classification number 535.84
Edition number 23
Author mark and year SES 1957
100 1# - MAIN ENTRY--PERSONAL NAME
Personal name Series, G. W.
9 (RLIN) 215466
245 14 - TITLE STATEMENT
Title The spectrum of atomic hydrogen /
Statement of responsibility, etc. by G.W. Series.
260 ## - PUBLICATION, DISTRIBUTION, ETC. (IMPRINT)
Place of publication, distribution, etc. London :
Name of publisher, distributor, etc. Oxford University Press,
Date of publication, distribution, etc. 1957.
300 ## - PHYSICAL DESCRIPTION
Pagination viii, 87 p. :
Illustrations ill. ;
Size 22 cm.
490 ## - SERIES STATEMENT
Series statement Oxford library of the physical sciences
504 ## - BIBLIOGRAPHY, ETC. NOTE
Bibliography, etc Includes bibliographical references and indexes.
650 #0 - SUBJECT ADDED ENTRY--TOPICAL TERM
Topical term or geographic name as entry element Hydrogen
General subdivision Spectra.
9 (RLIN) 215467
Topical term or geographic name as entry element Quantum theory.
9 (RLIN) 215468
830 #0 - SERIES ADDED ENTRY--UNIFORM TITLE
Uniform title Oxford library of the physical sciences
942 ## - ADDED ENTRY ELEMENTS (KOHA)
Source of classification or shelving scheme Dewey Decimal Classification
Koha item type Books
Holdings
Lost status Source of classification or shelving scheme Damaged status Not for loan Collection code Permanent Location Current Location Shelving location Date acquired Total Checkouts Full call number Date last seen Copy number Koha item type
  Dewey Decimal Classification   Not For Loan Non-fiction Central Library, University of Rajshahi Central Library, University of Rajshahi Reading Room 24/05/2017   535.84 SES 1957 24/05/2017 C-1 Books